[Event "13. Torneo San Viator"]
[Site "Madrid ESP"]
[Date "2009.09.27"]
[Round "1.1"]
[White "Cabañas Bravo, Juan Andres"]
[Black "Castro Uceda, Jose Antonio"]
[Result "1-0"]
[WhiteElo "2099"]
[BlackElo "1715"]
[PlyCount "69"]
[EventDate "2009.09.27"]
[EventType "swiss"]
[EventRounds "9"]
[EventCountry "ESP"]
[Source "lmi"]
[SourceDate "2009.09.27"]

1. e4 c5 2. Nf3 d6 3. d4 cxd4 4. Nxd4 Nf6 5. Nc3 a6 6. Bg5 e6 7. f4 Be7 8. Qf3
Qb6 9. O-O-O e5 10. Bxf6 Bxf6 11. Nd5 Qa5 12. Nb3 Qd8 13. Qf2 Nd7 14. g3 O-O
15. Bg2 b5 16. Nxf6+ Qxf6 17. Qd2 Nc5 18. Qxd6 Qxd6 19. Rxd6 Nxb3+ 20. axb3
exf4 21. e5 Ra7 22. gxf4 Bg4 23. c4 Rc8 24. Kd2 g6 25. Bd5 Rac7 26. Rxa6 bxc4
27. bxc4 Rb8 28. Kc3 Be2 29. Re1 Bg4 30. Rea1 Kg7 31. Ra7 Rbc8 32. Rxc7 Rxc7
33. b4 h5 34. b5 Bc8 35. b6 1-0

[Event "13. Torneo San Viator"]
[Site "Madrid ESP"]
[Date "2009.09.27"]
[Round "1.2"]
[White "Rubio Campos, Juan"]
[Black "Cano Cabanillas, Javier"]
[Result "1-0"]
[WhiteElo "1690"]
[BlackElo "1968"]
[PlyCount "125"]
[EventDate "2009.09.27"]
[EventType "swiss"]
[EventRounds "9"]
[EventCountry "ESP"]
[Source "lmi"]
[SourceDate "2009.09.27"]

1. e4 e6 2. d4 d5 3. Nc3 Nf6 4. e5 Nfd7 5. f4 c5 6. Nf3 Nc6 7. Be3 cxd4 8. Nxd4
Bc5 9. Qd2 O-O 10. O-O-O Nxd4 11. Bxd4 a6 12. f5 Bxd4 13. Qxd4 Qg5+ 14. Kb1
Qxf5 15. Re1 f6 16. Bd3 Qg5 17. exf6 Qxf6 18. Qe3 Nb8 19. Rhf1 Qd8 20. Qh3 g6
21. Rxf8+ Qxf8 22. Rf1 Qe8 23. Qe3 Bd7 24. Re1 Nc6 25. Qb6 Qd8 26. Qxb7 Na5 27.
Qb4 Qc7 28. Qd4 Nc6 29. Qh4 Rb8 30. Qg3 Qxg3 31. hxg3 Nb4 32. Be2 a5 33. a3 Nc6
34. Bf3 Nd4 35. Bg4 Nf5 36. Kc1 Rb7 37. Bf3 Rc7 38. g4 Nd6 39. Ne2 Nb5 40. a4
Na7 41. b3 Nc6 42. Nf4 Nd4 43. Kb1 Kf7 44. Bd1 Kf6 45. Kb2 Rc5 46. c3 Nc6 47.
Nd3 Rxc3 48. Kxc3 d4+ 49. Kb2 Ne7 50. Rf1+ Kg7 51. Ne5 Be8 52. Bf3 Kf6 53. Nc4
Kg5 54. Nxa5 e5 55. Nc4 h5 56. gxh5 Nf5 57. hxg6 Bxg6 58. a5 Ng3 59. Re1 e4 60.
Bxe4 Bxe4 61. Rxe4 Nxe4 62. a6 Nc5 63. a7 1-0

[Event "13. Torneo San Viator"]
[Site "Madrid ESP"]
[Date "2009.09.27"]
[Round "1.3"]
[White "Martin Mazuelo, Miguel Angel"]
[Black "Cuadros Fernandez, Jose Luis"]
[Result "1-0"]
[WhiteElo "1955"]
[BlackElo "1668"]
[PlyCount "29"]
[EventDate "2009.09.27"]
[EventType "swiss"]
[EventRounds "9"]
[EventCountry "ESP"]
[Source "lmi"]
[SourceDate "2009.09.27"]

1. e4 c5 2. Nf3 e6 3. c3 Nf6 4. e5 Nd5 5. d4 cxd4 6. cxd4 d6 7. exd6 Qxd6 8.
Nc3 Be7 9. Bd3 b6 10. O-O Ba6 11. Bxa6 Nxa6 12. Qa4+ b5 13. Nxb5 Qc6 14. Nc7+
Kd7 15. Ne5+ 1-0

[Event "13. Torneo San Viator"]
[Site "Madrid ESP"]
[Date "2009.09.27"]
[Round "1.4"]
[White "Takvor Mena, Samuel"]
[Black "Fernandez del Rio, Sergio"]
[Result "0-1"]
[WhiteElo "1604"]
[BlackElo "1954"]
[PlyCount "98"]
[EventDate "2009.09.27"]
[EventType "swiss"]
[EventRounds "9"]
[EventCountry "ESP"]
[Source "lmi"]
[SourceDate "2009.09.27"]

1. e4 c5 2. Nc3 d6 3. Bc4 e6 4. d3 g6 5. f4 Bg7 6. Nf3 Nc6 7. O-O Nge7 8. Qe1
a6 9. Qg3 b5 10. Bb3 Na5 11. Nh4 Nxb3 12. axb3 h6 13. Nxb5 Qb6 14. Nc3 c4+ 15.
Be3 Bd4 16. Bxd4 Qxd4+ 17. Qf2 Qxf2+ 18. Rxf2 cxb3 19. Nb5 Kd7 20. c3 a5 21.
Nd4 Ba6 22. c4 d5 23. Nxb3 dxc4 24. Nc5+ Kc6 25. Nxa6 Rxa6 26. dxc4 Kc5 27. Rc2
Rb8 28. Nf3 Nc6 29. Ra3 Rab6 30. Ne1 Kd4 31. Nd3 Rb3 32. Rxb3 Rxb3 33. Nc1 Re3
34. e5 Nb4 35. Rd2+ Kxc4 36. b3+ Kc3 37. Rd1 Kc2 38. Rf1 Nd3 39. Nxd3 Rxd3 40.
Ra1 Rd1+ 41. Rxd1 Kxd1 42. Kf2 Kc2 43. Kf3 Kxb3 44. Kg4 a4 45. h3 a3 46. g3 a2
47. Kh4 a1=Q 48. f5 Qd4+ 49. g4 Qf2# 0-1

[Event "13. Torneo San Viator"]
[Site "Madrid ESP"]
[Date "2009.09.27"]
[Round "1.5"]
[White "Barahona Torrijos, Angel"]
[Black "Cepas Castillo, Juan Carlos"]
[Result "1/2-1/2"]
[WhiteElo "1944"]
[BlackElo "1602"]
[PlyCount "102"]
[EventDate "2009.09.27"]
[EventType "swiss"]
[EventRounds "9"]
[EventCountry "ESP"]
[Source "lmi"]
[SourceDate "2009.09.27"]

1. e4 c6 2. d4 d5 3. e5 c5 4. c3 cxd4 5. cxd4 e6 6. Nc3 Nc6 7. Nf3 Nge7 8. Bd3
Ng6 9. a3 a6 10. h4 h6 11. h5 Nge7 12. g4 b5 13. b4 Bd7 14. Bb2 Nc8 15. a4 Nxb4
16. axb5 Nxd3+ 17. Qxd3 a5 18. O-O Nb6 19. Ba3 Bxa3 20. Rxa3 Nc4 21. Ra2 O-O
22. Nd2 Nxd2 23. Qxd2 Qh4 24. f3 Rfb8 25. Rb1 Qg3+ 26. Qg2 Qh4 27. f4 Qd8 28.
g5 Kh8 29. Kh2 Qb6 30. gxh6 gxh6 31. Qd2 Rg8 32. Na4 Qd8 33. Qf2 Rg4 34. Ra3
Rb8 35. Rg3 Rxg3 36. Qxg3 Qg8 37. Qxg8+ Kxg8 38. Nc3 Rc8 39. b6 Rb8 40. f5 a4
41. f6 Bc6 42. Rb4 Bd7 43. Nxa4 Bxa4 44. Rxa4 Rxb6 45. Kg3 Rb3+ 46. Kf4 Rh3 47.
Kg4 Rc3 48. Ra8+ Kh7 49. Ra1 Rd3 50. Ra4 Rd1 51. Kf4 Rf1+ 1/2-1/2

[Event "13. Torneo San Viator"]
[Site "Madrid ESP"]
[Date "2009.09.27"]
[Round "1.6"]
[White "Nunez Alonso, Juan"]
[Black "Noval Toldos, Francisco Javier"]
[Result "0-1"]
[WhiteElo "1555"]
[BlackElo "1923"]
[PlyCount "76"]
[EventDate "2009.09.27"]
[EventType "swiss"]
[EventRounds "9"]
[EventCountry "ESP"]
[Source "lmi"]
[SourceDate "2009.09.27"]

1. e4 c5 2. Nf3 d6 3. d3 Nc6 4. g3 g6 5. Bg2 Bg7 6. O-O Nf6 7. Nbd2 O-O 8. c3
Bd7 9. Re1 Ng4 10. Nf1 b5 11. h3 Nge5 12. Nxe5 Nxe5 13. f4 Nc6 14. Ne3 Rb8 15.
Rf1 b4 16. Bd2 bxc3 17. Bxc3 Nd4 18. Nc2 Qb6 19. Kh2 Rfc8 20. Qd2 Nxc2 21. Qxc2
Bxc3 22. bxc3 Qb2 23. Rac1 Rb6 24. Rf2 Qa3 25. Rb1 Rcb8 26. Rxb6 Rxb6 27. Bf3
Ba4 28. Qd2 Rb1 29. g4 Rc1 30. f5 Rxc3 31. fxg6 hxg6 32. Bd1 Rxd3 33. Qa5 Rxh3+
34. Kg1 Qg3+ 35. Rg2 Qe3+ 36. Rf2 Bxd1 37. Qd8+ Kg7 38. Qe8 Qe1+ 0-1

[Event "13. Torneo San Viator"]
[Site "Madrid ESP"]
[Date "2009.09.27"]
[Round "1.7"]
[White "Rosa Ramirez, Victor Diego"]
[Black "Vidal Herrero-Vior, Pablo"]
[Result "1-0"]
[WhiteElo "1909"]
[BlackElo "1542"]
[PlyCount "89"]
[EventDate "2009.09.27"]
[EventType "swiss"]
[EventRounds "9"]
[EventCountry "ESP"]
[Source "lmi"]
[SourceDate "2009.09.27"]

1. e4 c5 2. c3 Nc6 3. d4 cxd4 4. cxd4 e6 5. Nf3 Qb6 6. Nc3 d6 7. Bd3 Bd7 8. Bc2
Nf6 9. O-O Be7 10. a3 Rc8 11. Qd3 a6 12. Be3 Ng4 13. Bd2 Na5 14. h3 Nf6 15. b3
g6 16. Bh6 Qc7 17. Bd2 O-O 18. Rac1 d5 19. e5 Nh5 20. b4 Nc4 21. Bh6 Ng7 22.
Nb1 Bb5 23. Bb3 Nb2 24. Qd2 Nc4 25. Qf4 Qd8 26. Rfe1 Nb2 27. Bc2 Rxc2 28. Rxc2
Nd3 29. Qd2 Nxe1 30. Nxe1 Bc4 31. Nf3 f5 32. Ng5 Re8 33. Bxg7 Kxg7 34. Nxe6+
Kf7 35. Nxd8+ Rxd8 36. Qh6 Rh8 37. Nd2 b5 38. Nf3 Bf8 39. Qf4 Be7 40. e6+ Kxe6
41. Qe5+ Kd7 42. Qxh8 f4 43. Ne5+ Kd6 44. Qc8 Bf6 45. Qd7# 1-0

[Event "13. Torneo San Viator"]
[Site "Madrid ESP"]
[Date "2009.09.27"]
[Round "1.8"]
[White "Aburto Renovales, Rafael"]
[Black "Casado Perez, Miguel"]
[Result "0-1"]
[WhiteElo "1541"]
[BlackElo "1892"]
[PlyCount "46"]
[EventDate "2009.09.27"]
[EventType "swiss"]
[EventRounds "9"]
[EventCountry "ESP"]
[Source "lmi"]
[SourceDate "2009.09.27"]

1. d4 e6 2. c4 f5 3. Nc3 Nf6 4. Nf3 d5 5. e3 c6 6. b3 Bb4 7. Bb2 Ne4 8. Rc1 Qa5
9. Qc2 Qxa2 10. Ra1 Bxc3+ 11. Qxc3 Nxc3 12. Rxa2 Nxa2 13. Ba3 Nc3 14. Bb2 Ne4
15. Ba3 a5 16. Bd3 Na6 17. O-O Nb4 18. Ra1 Nxd3 19. Ne5 Ndxf2 20. cxd5 exd5 21.
Ra2 Nd1 22. Ra1 Nxe3 23. b4 axb4 0-1

[Event "13. Torneo San Viator"]
[Site "Madrid ESP"]
[Date "2009.10.04"]
[Round "2.1"]
[White "Madurga Lopez, Ignacio"]
[Black "Cabañas Bravo, Juan Andres"]
[Result "0-1"]
[WhiteElo "1821"]
[BlackElo "2099"]
[PlyCount "84"]
[EventDate "2009.09.27"]
[EventType "swiss"]
[EventRounds "9"]
[EventCountry "ESP"]
[Source "lmi"]
[SourceDate "2009.09.27"]

1. e4 e5 2. Nf3 Nc6 3. d4 exd4 4. Bc4 Bc5 5. c3 Nf6 6. e5 d5 7. Bb5 Ne4 8. cxd4
Bb4+ 9. Nfd2 O-O 10. Bxc6 bxc6 11. O-O Ba6 12. Re1 Rb8 13. f3 Ng5 14. a3 Be7
15. b4 Nh3+ 16. gxh3 Bh4 17. Nb3 Rb6 18. Nc5 Bxe1 19. Qxe1 Bc8 20. Qg3 Kh8 21.
Nc3 Bf5 22. Bf4 Qc8 23. e6 fxe6 24. Bxc7 Rf6 25. Kh1 Rg6 26. Qe5 Bxh3 27. Rg1
Qf8 28. f4 Rxg1+ 29. Kxg1 Qe8 30. Bxb6 axb6 31. Nd7 Qg6+ 32. Qg5 Qe8 33. Ne5
Bf5 34. Qd8 Qxd8 35. Nf7+ Kg8 36. Nxd8 c5 37. bxc5 bxc5 38. dxc5 d4 39. c6 dxc3
40. c7 e5 41. fxe5 c2 42. e6 c1=Q+ 0-1

[Event "13. Torneo San Viator"]
[Site "Madrid ESP"]
[Date "2009.10.04"]
[Round "2.2"]
[White "Franco Rincon, David"]
[Black "Martin Mazuelo, Miguel Angel"]
[Result "0-1"]
[WhiteElo "1804"]
[BlackElo "1955"]
[PlyCount "42"]
[EventDate "2009.09.27"]
[EventType "swiss"]
[EventRounds "9"]
[EventCountry "ESP"]
[Source "lmi"]
[SourceDate "2009.09.27"]

1. e4 e6 2. d4 c5 3. c3 d5 4. exd5 exd5 5. Bf4 Nf6 6. Nf3 Nc6 7. Be2 Qb6 8. b3
cxd4 9. Nxd4 Nxd4 10. cxd4 Bb4+ 11. Kf1 O-O 12. Qd3 Bd7 13. f3 Rfe8 14. Kf2
Rxe2+ 15. Qxe2 Qxd4+ 16. Be3 Qxa1 17. Rd1 Qe5 18. Rd4 Bc5 19. Rd3 Re8 20. Nc3
d4 21. Bxd4 Bxd4+ 0-1

[Event "13. Torneo San Viator"]
[Site "Madrid ESP"]
[Date "2009.10.04"]
[Round "2.4"]
[White "Noval Toldos, Francisco Javier"]
[Black "Sarabia Utrilla, Joaquin"]
[Result "1-0"]
[WhiteElo "1923"]
[BlackElo "1786"]
[PlyCount "85"]
[EventDate "2009.09.27"]
[EventType "swiss"]
[EventRounds "9"]
[EventCountry "ESP"]
[Source "lmi"]
[SourceDate "2009.09.27"]

1. e4 e5 2. Nf3 Nf6 3. Nxe5 d6 4. Nf3 Nxe4 5. d4 d5 6. Bd3 Bf5 7. O-O Nd7 8.
Re1 Be7 9. c4 c6 10. cxd5 cxd5 11. Qb3 Nb6 12. Bb5+ Bd7 13. Ne5 Bxb5 14. Qxb5+
Kf8 15. Bf4 f6 16. Nd3 Qe8 17. Qb3 g5 18. Bc7 Qc6 19. Rc1 Nc4 20. Nb4 Bxb4 21.
Qxb4+ Kf7 22. Bg3 a5 23. Qb3 a4 24. Qb4 Ra6 25. Qe1 Re8 26. Qd1 Qb6 27. Qh5+
Kf8 28. Nc3 Nxg3 29. hxg3 Qxd4 30. Rd1 Nd2 31. Qxh7 Rae6 32. Qc2 Re2 33. Nxe2
Rxe2 34. Qc8+ Kg7 35. Qf5 Qxb2 36. Rac1 Qb6 37. Rc2 Nf3+ 38. Qxf3 Rxc2 39. Rxd5
Qc7 40. Rb5 Qc6 41. Rxb7+ Kg6 42. Qd3+ Kh6 43. Rh7# 1-0

[Event "13. Torneo San Viator"]
[Site "Madrid ESP"]
[Date "2009.10.04"]
[Round "2.5"]
[White "Garcia-Ines Sanchez, Gustavo"]
[Black "Rosa Ramirez, Victor Diego"]
[Result "0-1"]
[WhiteElo "1746"]
[BlackElo "1909"]
[PlyCount "57"]
[EventDate "2009.09.27"]
[EventType "swiss"]
[EventRounds "9"]
[EventCountry "ESP"]
[Source "lmi"]
[SourceDate "2009.09.27"]

1. e4 e6 2. d4 d5 3. Nc3 Bb4 4. e5 c5 5. Nf3 Qc7 6. Bd2 a6 7. a3 cxd4 8. axb4
dxc3 9. Bxc3 Ne7 10. Bd3 Ng6 11. O-O Bd7 12. Re1 O-O 13. Ng5 Be8 14. Qh5 h6 15.
Nxe6 fxe6 16. Bxg6 Rf5 17. Bxe8 Rxh5 18. Bxh5 Nd7 19. f4 Rf8 20. Bg4 Qb6+ 21.
Kh1 Rxf4 22. h3 d4 23. Bd2 Rf2 24. Rad1 Qc6 25. Rg1 Nxe5 26. c3 Nxg4 27. hxg4
Qe4 28. Be1 Qxg4 29. Bxf2 0-1

[Event "13. Torneo San Viator"]
[Site "Madrid ESP"]
[Date "2009.10.04"]
[Round "2.6"]
[White "Casado Perez, Miguel"]
[Black "Rubio Campos, Juan"]
[Result "1/2-1/2"]
[WhiteElo "1892"]
[BlackElo "1690"]
[PlyCount "73"]
[EventDate "2009.09.27"]
[EventType "swiss"]
[EventRounds "9"]
[EventCountry "ESP"]
[Source "lmi"]
[SourceDate "2009.09.27"]

1. d4 d5 2. c4 e6 3. Nc3 c5 4. dxc5 d4 5. Ne4 Bxc5 6. Bd2 Be7 7. Nf3 Nf6 8. Qc2
Nc6 9. g3 e5 10. O-O-O g6 11. Nxf6+ Bxf6 12. e4 Bg4 13. Qd3 Rc8 14. h3 Be6 15.
b3 a5 16. g4 Nb4 17. Qb1 b5 18. Bxb4 axb4 19. Kd2 bxc4 20. bxc4 Bxc4 21. Qxb4
Bxf1 22. Rhxf1 Qe7 23. Qxe7+ Kxe7 24. g5 Bg7 25. Rb1 Rc7 26. Rfc1 Rhc8 27.
Rxc7+ Rxc7 28. Rb5 Ra7 29. Rb2 h6 30. h4 hxg5 31. hxg5 f5 32. gxf6+ Bxf6 33.
Ne1 Bg5+ 34. Ke2 Bc1 35. Rc2 Ba3 36. Nd3 Bd6 37. Nc1 1/2-1/2

[Event "13. Torneo San Viator"]
[Site "Madrid ESP"]
[Date "2009.10.04"]
[Round "2.8"]
[White "Sanz Morinigo, Francisco Javier"]
[Black "Salcedo Tornero, Pablo"]
[Result "0-1"]
[WhiteElo "1736"]
[BlackElo "2181"]
[PlyCount "34"]
[EventDate "2009.09.27"]
[EventType "swiss"]
[EventRounds "9"]
[EventCountry "ESP"]
[Source "lmi"]
[SourceDate "2009.09.27"]

1. e4 d6 2. d4 Nf6 3. Nc3 g6 4. f4 Bg7 5. Nf3 c5 6. Bb5+ Bd7 7. Bxd7+ Nfxd7 8.
O-O cxd4 9. Nxd4 O-O 10. Be3 Nb6 11. f5 Nc4 12. Bf2 Nc6 13. Nd5 Nxb2 14. Nxc6
bxc6 15. Nxe7+ Qxe7 16. Qf3 Be5 17. fxg6 fxg6 0-1

[Event "13. Torneo San Viator"]
[Site "Madrid ESP"]
[Date "2009.10.04"]
[Round "2.9"]
[White "Galan Lorenzo, Jacinto"]
[Black "Barahona Torrijos, Angel"]
[Result "0-1"]
[WhiteElo "1755"]
[BlackElo "1944"]
[PlyCount "32"]
[EventDate "2009.09.27"]
[EventType "swiss"]
[EventRounds "9"]
[EventCountry "ESP"]
[Source "lmi"]
[SourceDate "2009.09.27"]

1. c4 e6 2. Nc3 d5 3. e3 c5 4. cxd5 exd5 5. Bb5+ Bd7 6. d4 c4 7. Nge2 Nf6 8.
O-O Bd6 9. Bd2 Nc6 10. Ba4 Ng4 11. Nxd5 Bxh2+ 12. Kh1 Qh4 13. g3 Bxg3+ 14. Kg2
Qh2+ 15. Kf3 Nxf2 16. Qe1 Bg4# 0-1

[Event "13. Torneo San Viator"]
[Site "Madrid ESP"]
[Date "2009.10.04"]
[Round "2.10"]
[White "Rodriguez Alonso, Marcos"]
[Black "Tolosana Esteban, Enrique"]
[Result "0-1"]
[WhiteElo "1480"]
[BlackElo "1825"]
[PlyCount "78"]
[EventDate "2009.09.27"]
[EventType "swiss"]
[EventRounds "9"]
[EventCountry "ESP"]
[Source "lmi"]
[SourceDate "2009.09.27"]

1. e4 c5 2. Nf3 e6 3. d4 cxd4 4. Nxd4 a6 5. Nc3 Qc7 6. Be2 Bb4 7. Bd2 Nf6 8. f3
d5 9. Bd3 O-O 10. Nde2 Nbd7 11. O-O b5 12. a3 Bd6 13. f4 Bb7 14. e5 Bc5+ 15.
Kh1 Ng4 16. Qe1 f5 17. h3 Ne3 18. Bxe3 Bxe3 19. Nd1 Bb6 20. Rf3 Nc5 21. Ng3 Ne4
22. Bxe4 fxe4 23. Rc3 Qe7 24. Nh5 e3 25. Rd3 d4 26. c3 Be4 27. Rxd4 Bxd4 28.
cxd4 Qf7 29. Qxe3 Bb7 30. Qe2 Qf5 31. Kh2 Rad8 32. Ne3 Qe4 33. Qg4 Qg6 34. Qd1
Rd7 35. g3 Rfd8 36. Nc2 Be4 37. Rc1 Rc7 38. Ne3 Rxc1 39. Qxc1 Qxh5 0-1

[Event "13. Torneo San Viator"]
[Site "Madrid ESP"]
[Date "2009.10.04"]
[Round "2.11"]
[White "Cepas Castillo, Juan Carlos"]
[Black "Molina Garcia, Francisco Javier"]
[Result "0-1"]
[WhiteElo "1602"]
[BlackElo "1866"]
[PlyCount "50"]
[EventDate "2009.09.27"]
[EventType "swiss"]
[EventRounds "9"]
[EventCountry "ESP"]
[Source "lmi"]
[SourceDate "2009.09.27"]

1. e4 d6 2. d4 Nf6 3. Nc3 g6 4. f4 Bg7 5. Nf3 c5 6. dxc5 Qa5 7. Bd2 Qxc5 8. Bd3
O-O 9. Qe2 Bg4 10. Be3 Qb4 11. Bd2 Qxb2 12. O-O Qb6+ 13. Be3 Qc6 14. Bd4 Nbd7
15. e5 Nh5 16. Qe3 Bh6 17. g3 Bxf3 18. Bb5 Qc7 19. exd6 Qxd6 20. Rxf3 e5 21.
Bxe5 Nxe5 22. Qxe5 Qb6+ 23. Qe3 Qa5 24. g4 Nxf4 25. Bf1 Nh3+ 0-1

[Event "13. Torneo San Viator"]
[Site "Madrid ESP"]
[Date "2009.10.04"]
[Round "2.12"]
[White "Cano Cabanillas, Javier"]
[Black "Aburto Renovales, Rafael"]
[Result "1-0"]
[WhiteElo "1968"]
[BlackElo "1541"]
[PlyCount "37"]
[EventDate "2009.09.27"]
[EventType "swiss"]
[EventRounds "9"]
[EventCountry "ESP"]
[Source "lmi"]
[SourceDate "2009.09.27"]

1. e4 c5 2. c3 d5 3. exd5 Qxd5 4. d4 cxd4 5. cxd4 Nf6 6. Nc3 Qd8 7. Nf3 e6 8.
Bg5 Be7 9. Bd3 h6 10. Be3 Nbd7 11. O-O O-O 12. Qd2 Re8 13. Bxh6 Nf8 14. Bxg7
Kxg7 15. Qg5+ Ng6 16. Bxg6 fxg6 17. Ne5 Rg8 18. Qxg6+ Kf8 19. Qf7# 1-0

[Event "13. Torneo San Viator"]
[Site "Madrid ESP"]
[Date "2009.10.11"]
[Round "3.1"]
[White "Cabañas Bravo, Juan Andres"]
[Black "Noval Toldos, Francisco Javier"]
[Result "0-1"]
[WhiteElo "2099"]
[BlackElo "1923"]
[PlyCount "78"]
[EventDate "2009.09.27"]
[EventType "swiss"]
[EventRounds "9"]
[EventCountry "ESP"]
[Source "lmi"]
[SourceDate "2009.09.27"]

1. e4 c5 2. Nf3 Nc6 3. d4 cxd4 4. Nxd4 Nf6 5. Nc3 e5 6. Ndb5 d6 7. Bg5 a6 8.
Na3 b5 9. Nd5 Be7 10. Bxf6 Bxf6 11. c3 O-O 12. Nc2 Bg5 13. a4 bxa4 14. Rxa4 a5
15. Bc4 Rb8 16. b3 Kh8 17. h4 Bh6 18. g4 Bf4 19. Qf3 Be6 20. g5 Ne7 21. Nce3
Bxe3 22. fxe3 Nxd5 23. exd5 Bd7 24. Ra3 f5 25. gxf6 Rxf6 26. Qe2 e4 27. Qg2 Rf3
28. Be2 Rxe3 29. Kd2 Qb6 30. Rg1 Rg8 31. Qg5 Rh3 32. Rg3 Rxg3 33. Qxg3 Qc5 34.
Ra1 Qxd5+ 35. Kc2 Bf5 36. Rd1 Qc5 37. Qxd6 Qf2 38. Qa6 Bg4 39. Kd2 e3+ 0-1

[Event "13. Torneo San Viator"]
[Site "Madrid ESP"]
[Date "2009.10.11"]
[Round "3.2"]
[White "Martin Mazuelo, Miguel Angel"]
[Black "Rosa Ramirez, Victor Diego"]
[Result "0-1"]
[WhiteElo "1955"]
[BlackElo "1909"]
[PlyCount "80"]
[EventDate "2009.09.27"]
[EventType "swiss"]
[EventRounds "9"]
[EventCountry "ESP"]
[Source "lmi"]
[SourceDate "2009.09.27"]

1. e4 e6 2. b3 d5 3. Bb2 dxe4 4. Nc3 Nf6 5. g4 Bc5 6. Qe2 Nc6 7. O-O-O Qe7 8.
Nxe4 Ba3 9. Nxf6+ Qxf6 10. c3 Bxb2+ 11. Kxb2 O-O 12. h4 a5 13. d4 a4 14. b4 a3+
15. Ka1 e5 16. g5 Qg6 17. d5 Ne7 18. Qd2 Rd8 19. Bg2 e4 20. Ne2 Bg4 21. Nf4 Qf5
22. Rde1 Nxd5 23. Nxd5 Rxd5 24. Qe3 Bf3 25. Bxf3 Qxf3 26. Qxf3 exf3 27. Kb1 Rd2
28. Re3 Rb2+ 29. Ka1 Rxf2 30. Rd1 Kf8 31. c4 g6 32. c5 Kg7 33. Red3 h5 34. Re3
Rd8 35. Rc1 Rc2 36. Rf1 f2 37. Rxa3 Re8 38. Kb1 Re1+ 39. Kxc2 Rxf1 40. Rf3 Ra1
0-1

[Event "13. Torneo San Viator"]
[Site "Madrid ESP"]
[Date "2009.10.11"]
[Round "3.3"]
[White "Salcedo Tornero, Pablo"]
[Black "Alonso Herrero, Ignacio"]
[Result "1-0"]
[WhiteElo "2181"]
[BlackElo "1841"]
[PlyCount "67"]
[EventDate "2009.09.27"]
[EventType "swiss"]
[EventRounds "9"]
[EventCountry "ESP"]
[Source "lmi"]
[SourceDate "2009.09.27"]

1. e4 e5 2. Nf3 Nc6 3. Bc4 Bc5 4. b4 Bxb4 5. c3 Be7 6. d4 d6 7. dxe5 dxe5 8.
Qb3 Na5 9. Bxf7+ Kf8 10. Qd5 Qxd5 11. Bxd5 Nf6 12. Nbd2 c6 13. Bb3 Nd7 14. O-O
b5 15. Be6 Bd6 16. a4 Nb7 17. axb5 cxb5 18. Bd5 a5 19. Bc6 Ke7 20. Bxb5 Nbc5
21. Nc4 Nxe4 22. Bc6 Ba6 23. Nxd6 Nxd6 24. Bg5+ Nf6 25. Rfe1 e4 26. Rxa5 Nc4
27. Rxe4+ Kf7 28. Rxc4 Rhb8 29. Rb4 Rxb4 30. cxb4 Rd8 31. Ne5+ Ke6 32. Bd7+
Rxd7 33. Nxd7 Kxd7 34. Bxf6 1-0

[Event "13. Torneo San Viator"]
[Site "Madrid ESP"]
[Date "2009.10.11"]
[Round "3.4"]
[White "Barahona Torrijos, Angel"]
[Black "Bartolome Chicharro, Jesus"]
[Result "1-0"]
[WhiteElo "1944"]
[BlackElo "1809"]
[PlyCount "25"]
[EventDate "2009.09.27"]
[EventType "swiss"]
[EventRounds "9"]
[EventCountry "ESP"]
[Source "lmi"]
[SourceDate "2009.09.27"]

1. e4 c5 2. a3 Nc6 3. b4 cxb4 4. axb4 Nxb4 5. Ra4 Nc6 6. d4 e6 7. d5 Nce7 8.
Nc3 Ng6 9. d6 a6 10. Nb5 f6 11. Nc7+ Kf7 12. Nxa8 b5 13. Ra2 1-0

[Event "13. Torneo San Viator"]
[Site "Madrid ESP"]
[Date "2009.10.11"]
[Round "3.5"]
[White "Tolosana Esteban, Enrique"]
[Black "Casado Perez, Miguel"]
[Result "1-0"]
[WhiteElo "1825"]
[BlackElo "1892"]
[PlyCount "82"]
[EventDate "2009.09.27"]
[EventType "swiss"]
[EventRounds "9"]
[EventCountry "ESP"]
[Source "lmi"]
[SourceDate "2009.09.27"]

1. d4 e6 2. c4 f5 3. g3 Nf6 4. Bg2 d5 5. b3 c6 6. Nf3 Bd6 7. O-O O-O 8. Ba3 Ne4
9. Bxd6 Qxd6 10. e3 Nd7 11. Nbd2 Rf6 12. Ne1 Rh6 13. Nd3 g5 14. h3 Ndf6 15.
Nxe4 Nxe4 16. Bxe4 dxe4 17. Ne5 Rxh3 18. Kg2 Rh6 19. Rh1 Rxh1 20. Qxh1 Qe7 21.
Qh6 Qg7 22. Qh5 a5 23. Rh1 Qe7 24. Qh6 Qg7 25. c5 Qxh6 26. Rxh6 a4 27. Rf6 axb3
28. axb3 Ra3 29. Rf7 Ra8 30. Rc7 b6 31. Nxc6 Ba6 32. cxb6 h5 33. Ra7 Rxa7 34.
bxa7 Bb7 35. Nd8 Ba8 36. Nxe6 f4 37. Nc7 Bb7 38. d5 Kf7 39. d6 h4 40. gxh4 gxh4
41. b4 Kf6 1-0

[Event "13. Torneo San Viator"]
[Site "Madrid ESP"]
[Date "2009.10.11"]
[Round "3.6"]
[White "Rubio Campos, Juan"]
[Black "Maseda Iglesias, Luis"]
[Result "0-1"]
[WhiteElo "1690"]
[BlackElo "1845"]
[PlyCount "106"]
[EventDate "2009.09.27"]
[EventType "swiss"]
[EventRounds "9"]
[EventCountry "ESP"]
[Source "lmi"]
[SourceDate "2009.09.27"]

1. e4 e6 2. d4 d5 3. Nc3 Nf6 4. e5 Nfd7 5. f4 c5 6. Nf3 Nc6 7. Be3 Be7 8. Qd2
O-O 9. O-O-O c4 10. g4 b5 11. Nxb5 Rb8 12. Nd6 Qb6 13. c3 Qa5 14. Kb1 Nb6 15.
Rc1 Bd7 16. h4 Na4 17. Rc2 Rb6 18. Bh3 Rfb8 19. Rh2 Rxb2+ 20. Rxb2 Rxb2+ 21.
Qxb2 Nxb2 22. Kxb2 Qc7 23. Kc1 Bxd6 24. exd6 Qxd6 25. Rb2 f6 26. g5 Qa3 27. Kc2
a5 28. Bc1 Qd6 29. Rb7 Bc8 30. Rb1 Ne7 31. h5 Bd7 32. Rb2 Ba4+ 33. Kb1 Bd1 34.
Bg2 Bxf3 35. Bxf3 fxg5 36. fxg5 Qg3 37. Bd1 Qxc3 38. Bg4 Qd3+ 39. Ka1 Qxd4 40.
Bxe6+ Kf8 41. a3 Nc6 42. Ka2 c3 43. Rc2 Qc4+ 44. Ka1 Nd4 45. Rf2+ Ke7 46. Bf5
Nxf5 47. Rxf5 Qd4 48. Rf4 Qd1 49. Kb1 Qb3+ 50. Ka1 c2 51. Bb2 Qd3 52. h6 gxh6
53. gxh6 Qd1+ 0-1

[Event "13. Torneo San Viator"]
[Site "Madrid ESP"]
[Date "2009.10.11"]
[Round "3.8"]
[White "Molina Garcia, Francisco Javier"]
[Black "Garcia-Ines Sanchez, Gustavo"]
[Result "0-1"]
[WhiteElo "1866"]
[BlackElo "1746"]
[PlyCount "56"]
[EventDate "2009.09.27"]
[EventType "swiss"]
[EventRounds "9"]
[EventCountry "ESP"]
[Source "lmi"]
[SourceDate "2009.09.27"]

1. e4 c5 2. Nf3 d6 3. d4 cxd4 4. Nxd4 Nf6 5. Nc3 a6 6. Bg5 e5 7. Nf5 Bxf5 8.
exf5 Be7 9. Qd2 Nc6 10. Be2 O-O 11. O-O-O Rc8 12. Bxf6 Bxf6 13. Qxd6 Qa5 14.
Qd5 Qb6 15. Rhf1 Nd4 16. Rd3 Rxc3 17. bxc3 Nxe2+ 18. Kd1 Nf4 19. Qb3 Qxb3 20.
axb3 Nxd3 21. cxd3 Rd8 22. Kc2 Be7 23. Re1 f6 24. f4 Bd6 25. fxe5 Bxe5 26. h3
Kf7 27. d4 Bg3 28. Re6 Rd6 0-1